Central Library OPAC University of Rajshahi

Wild life in an African Territory : (Record no. 67302)

MARC details
000 -LEADER
fixed length control field 00894nam a2200241 a 4500
001 - CONTROL NUMBER
control field 67302
003 - CONTROL NUMBER IDENTIFIER
rucl marc code BD-RjUL
005 - DATE AND TIME OF LATEST TRANSACTION
control field 20211209081633.0
008 - FIXED-LENGTH DATA ELEMENTS--GENERAL INFORMATION
fixed length control field 170323s1960 enkab b 001 0 eng d
035 ## - SYSTEM CONTROL NUMBER
System control number (BD-RjUL)67433
040 ## - CATALOGING SOURCE
Original cataloging agency DLC
Transcribing agency VA@
Modifying agency SER
-- UKM
-- BD-RjUL
Language of cataloging eng
041 ## - LANGUAGE CODE
Language code of text/sound track or separate title eng
082 ## - DEWEY DECIMAL CLASSIFICATION NUMBER
Classification number 799.096894
Edition number 23
Author mark and year DAW 1960
100 1# - MAIN ENTRY--PERSONAL NAME
Personal name Darling, F. Fraser
Fuller form of name (Frank Fraser),
Dates associated with a name 1903-1979.
9 (RLIN) 199405
245 10 - TITLE STATEMENT
Title Wild life in an African Territory :
Remainder of title a study made for the Game and Tsetse Control Department of Northern Rhodesia /
Statement of responsibility, etc. F. Fraser Darling.
260 ## - PUBLICATION, DISTRIBUTION, ETC. (IMPRINT)
Place of publication, distribution, etc. London :
Name of publisher, distributor, etc. Oxford University Press,
Date of publication, distribution, etc. 1960.
300 ## - PHYSICAL DESCRIPTION
Pagination viii, 160 p. :
Illustrations ill. ;
Size 23 cm.
504 ## - BIBLIOGRAPHY, ETC. NOTE
Bibliography, etc Includes index & bibliographies.
650 #0 - SUBJECT ADDED ENTRY--TOPICAL TERM
Topical term or geographic name as entry element Wildlife conservation
Geographic subdivision Zambia.
9 (RLIN) 199406
Topical term or geographic name as entry element Ecology
Geographic subdivision Zambia.
9 (RLIN) 199407
710 1# - ADDED ENTRY--CORPORATE NAME
Corporate name or jurisdiction name as entry element Northern Rhodesia.
Subordinate unit Game and Tsetse Control Department.
9 (RLIN) 199408
942 ## - ADDED ENTRY ELEMENTS (KOHA)
Source of classification or shelving scheme Dewey Decimal Classification
Koha item type Books
Holdings
Lost status Source of classification or shelving scheme Damaged status Not for loan Collection code Permanent Location Current Location Shelving location Date acquired Source of acquisition Cost, normal purchase price Total Checkouts Full call number Date last seen Copy number Koha item type
  Dewey Decimal Classification   Not For Loan Non-fiction Central Library, University of Rajshahi Central Library, University of Rajshahi Reading Room 20/10/1962 Zeittinger 25.00   799.096894 DAW 1960 23/03/2017 C-1 Books